| 000 | 00383cam a2200157ua 4500 | ||
|---|---|---|---|
| 041 |
_aeng _h |
||
| 082 |
_a511 _bSME/MA |
||
| 100 | _aSmeltzer, Donald . | ||
| 245 |
_aMan and number / _cDonald Smeltzer. _hTextual Documents |
||
| 250 |
_a1 / _b. |
||
| 260 |
_aLondon : _bAdam and Charles Black , _c1963. |
||
| 300 | _a114 ; . | ||
| 504 | _a | ||
| 942 | _cBK | ||
| 999 |
_c10225 _d10225 |
||